000 01941nam a2200337 i 4500
999 _c65555
_d65555
001 768714001
003 CO-MdFUSB
005 20200528165749.0
007 ta
008 200327t1980 -us |||| |||| 00| 0 eng d
020 _a9780310392811
040 _aCO-MdFUSB
_bspa
_cCO-MdFUSB
_dCO-MdFUSBC
_erda
041 _aeng
082 _223
_a220.132
_bIN42
245 _aInerrancy
_c/ editado por Norman Geisler
264 1 _aEstados Unidos :
_bAcademic Books,
_c[1980]
264 4 _c© 1980
300 _a516 pàginas
_c; 22 cm
336 _2rdacontent
_atexto
_btxt
337 _2rdamedia
_asin mediación
_bn
338 _2rdacarrier
_avolumen
_bnc
500 _aColección Dawn Christina Harrell
505 _aLa visión de Cristo de las Escrituras / John W. Wenham. -- La visión de los Apóstoles de las Escrituras / Edwin A. Blum. -- Presuntos errores y discrepancias en los manuscritos originales de la Biblia / Gleason L. Archer. -- Mayor crítica e inerrancia bíblica / J. Barton Payne. -- Hermenéutica legítima / Walter C. Kaiser, Jr. -- La inerrancia de la autografía / Greg L. Bahnsen. -- La adecuación del lenguaje humano / James I. Packer. -- La autoría humana de la Escritura inspirada / Gordon R. Lewis. -- El significado de la inerrancia / Paul D. Feinberg. -- Presupuestos filosóficos de la errancia bíblica / Norman L. Geisler. -- El testimonio interno del Espíritu Santo / RC Sproul. -- La visión de la Biblia sostenida por la iglesia: la iglesia primitiva a través de Lutero / Robert D. Preus. -- La visión de la Biblia sostenida por la iglesia: Calvino y los teólogos de Westminster / John H. Gerstner - BB Warfield versus GC Berkouwer en Escritura / Henry Krabbendam.
563 _aTapa dura
630 0 7 _aBiblia
_xAutoridad
650 0 _9360
_aBiblia
_bEvidencias, autoridad, etc.
700 _93174
_aGeisler, Norman.
_eeditor
942 _cBK
945 _aJTF-925